000
00295nam a22001337a 4500
008
181024b xxu||||| |||| 00| 0 eng d
020
_a
9780824835163
041
_a
eng
080
_a
5510
100
_a
38
101
_a
MAT
245
_a
Intergrate Korean Workbook
_c
Park.j
942
_2
udc
_c
BK
999
_c
50778
_d
50778